Slipknot Albums - Statistics

General Stats
  • This quiz has been taken 1,005 times
    946 since last reset
  • The average score is 5 of 6
Answer Stats
Release Year Album % Correct
1999 Slipknot
99%
2001 Iowa
98%
2008 All Hope Is Gone
88%
2014 The Gray Chapter
85%
2019 We Are Not Your Kind
84%
2004 The Subliminal Verses
66%
No matching quizzes found
Score Distribution
Percent of People with Each Score
Percentile by Number Answered
Your Score History
You have not taken this quiz since the last reset